[Event "Edinburgh op"]
[Site "Edinburgh"]
[Date "2011.04.03"]
[Round "5"]
[White "Marks, Ian Alexander"]
[Black "Roy, Bappa"]
[Result "1/2-1/2"]
[WhiteElo "1919"]
[BlackElo "1726"]
[PlyCount "85"]
[EventDate "2011.04.01"]
[EventType "swiss"]
[EventRounds "5"]
[EventCountry "SCO"]
[SourceTitle "EXT 2013"]
[Source "ChessBase"]
[SourceDate "2012.11.22"]
[SourceVersion "1"]
[SourceVersionDate "2012.11.22"]
[SourceQuality "1"]

1. d4 d5 2. Nc3 Nf6 3. Bg5 e6 4. e4 Be7 5. e5 Nfd7 6. h4 Bxg5 7. hxg5 Qxg5 8. Qd3 f5 9. exf6 Nxf6 10. Nf3 Qf5 11. Qb5+ c6 12. Qb3 Ne4 13. Nxe4 Qxe4+ 14. Be2 Nd7 15. Rh4 Qf5 16. Bd3 Qf6 17. 0-0-0 g5 18. Rxh7 Rxh7 19. Bxh7 g4 20. Nd2 Qh6 21. Bd3 Nb6 22. a4 Nd7 23. Re1 Kd8 24. Qb4 Nf6 25. Qd6+ Ke8 26. Kd1 Kf7 27. Nf1 Bd7 28. Ng3 Re8 29. Rh1 Qf8 30. Qf4 Ke7 31. Qe5 Kd8 32. Bg6 Re7 33. Nh5 Nxh5 34. Qb8+ Bc8 35. Qd6+ Bd7 36. Qb8+ Bc8 37. Rxh5 Qg7 38. Qd6+ Bd7 39. Bd3 Qxd4 40. Qb8+ Bc8 41. Qd6+ Bd7 42. Qb8+ Bc8 43. Qd6+ 1/2-1/2

[Event "Dundee & Angus op Challengers"]
[Site "Dundee"]
[Date "2007.??.??"]
[Round "2"]
[White "Calder, John"]
[Black "Roy, Bappa"]
[Result "1-0"]
[WhiteElo "1730"]
[BlackElo "1680"]
[PlyCount "51"]
[EventDate "2007.10.19"]
[EventType "swiss"]
[EventRounds "5"]
[EventCountry "SCO"]
[SourceTitle "EXT 2017"]
[Source "ChessBase"]
[SourceDate "2016.10.25"]
[SourceVersion "1"]
[SourceVersionDate "2016.10.25"]
[SourceQuality "1"]

1. d4 d5 2. c4 e5 3. dxe5 d4 4. Nf3 Nc6 5. g3 f6 6. exf6 Nxf6 7. Bg2 Bf5 8. 0-0 Qd7 9. Re1 Bh3 10. Bh1 h5 11. e4 0-0-0 12. e5 Ng8 13. a3 Be7 14. b4 h4 15. b5 Nb8 16. Ng5 hxg3 17. f4 d3 18. Ra2 Bc5+ 19. Be3 Bxe3+ 20. Rxe3 Qf5 21. Nxh3 Qxh3 22. Rxd3 Rf8 23. Rad2 Ne7 24. Bf3 Qe6 25. Nc3 Qxc4 26. Bg4+ 1-0